| 000 | 00434 a2200133 4500 | ||
|---|---|---|---|
| 001 | 92217 | ||
| 082 | _aPR 2494 | ||
| 090 |
_c44177 _d44176 |
||
| 100 | _aMuhammad Nauman; Prof Sohail Ahmed and Saad Javed (Advisors) | ||
| 245 |
_aFeasibility Study of Electrolysis from Solar Energy to Reduce the Gasoline Consumption in Automobiles _h78 "A" EC |
||
| 260 |
_aIslamabad _bNUST _c2015 |
||
| 300 | _axiv,89p. | ||
| 500 | _aBE Project Report | ||
| 942 |
_aCAE NUST _kPR 2494 |
||
| 999 |
_c327290 _d327290 |
||